| 000 | 00883nam a2200253 i 4500 | ||
|---|---|---|---|
| 003 | DO-SdBNP | ||
| 005 | 20230427111915.0 | ||
| 007 | ta | ||
| 008 | 211027b2018 dr ac||| |||| 00| 0 spa d | ||
| 020 | _a9789945169256 | ||
| 040 |
_aDO-SdBNP _bspa _cBNPHU _erda |
||
| 082 | 4 | _222 | |
| 100 | 1 |
_aHerrera Moreno, Alejandro _99624 |
|
| 245 | 1 | 0 |
_aFuentes y enfoques del periodismo de José Martí en el mensuario La América / _cAlejandro Herrera Moreno. |
| 264 |
_aSanto Domingo : _bFundación Cultural Enrique Loynaz, _c2018. |
||
| 300 |
_axi, 206 páginas : _bilustraciones y retratos; _c28 cm. |
||
| 336 |
_2rdacontent _atexto _btxt |
||
| 337 |
_2rdamedia _asin mediación _bn |
||
| 338 |
_2rdacarrier _avolumen _bnc |
||
| 500 | _aIncluye datos biográficos del autor en la solapa de la contracubierta. | ||
| 590 | _aInventariado, 2021 /LP | ||
| 910 | _aLopérez | ||
| 942 |
_2ddc _cLBS1 |
||
| 999 |
_c50817 _d50817 |
||